000 00304nam a22001337a 4500
008 171003b xxu||||| |||| 00| 0 eng d
020 _a9781879537064
041 _aeng
080 _23 ED
_a159.9
100 _a48
101 _aPSI
245 _aTHE CREATIVE CURRICULUM
_cCOLKER.L.J
942 _2udc
_cBK
999 _c31510
_d31510